[Event "Reunion op 15th"]
[Site "St Denis"]
[Date "2013.10.18"]
[Round "8"]
[White "Artigaud, Laurent"]
[Black "Nassau, Pierre Alexandre"]
[Result "0-1"]
[WhiteElo "1584"]
[BlackElo "1772"]
[PlyCount "82"]
[EventDate "2013.10.12"]
[EventType "swiss"]
[EventRounds "9"]
[EventCountry "RUF"]
[SourceTitle "EXT 2014"]
[Source "ChessBase"]
[SourceDate "2013.11.20"]
[SourceVersion "1"]
[SourceVersionDate "2013.11.20"]
[SourceQuality "1"]

1. d4 d5 2. c4 e6 3. Nc3 Nf6 4. Nf3 c6 5. Bg5 Bd6 6. e3 0-0 7. Bd3 b6 8. 0-0 Bb7 9. Qc2 h6 10. Bh4 Nbd7 11. a3 dxc4 12. Bxc4 Re8 13. Rfe1 e5 14. b4 Qb8 15. h3 e4 16. Bxf6 exf3 17. Bh4 Bh2+ 18. Kh1 fxg2+ 19. Kxg2 c5+ 20. d5 cxb4 21. axb4 Ne5 22. Bb3 Ng6 23. Bg3 Bxg3 24. fxg3 a6 25. Re2 Qd6 26. b5 a5 27. Rf1 Rac8 28. Qf5 Re7 29. Na4 Ne5 30. Bc2 g6 31. Qf4 Qxd5+ 32. e4 Qxb5 33. Ref2 Rxc2 34. Rxc2 Qxa4 35. Re2 Ba6 36. Rd2 Bxf1+ 37. Kxf1 Qc4+ 38. Kg2 Kg7 39. g4 Nd3 40. Qf1 Qxe4+ 41. Qf3 Ne1+ 0-1

[Event "Reunion op 15th"]
[Site "St Denis"]
[Date "2013.10.17"]
[Round "6"]
[White "Rakotoarivao, Faneva"]
[Black "Nassau, Pierre Alexandre"]
[Result "0-1"]
[WhiteElo "1525"]
[BlackElo "1772"]
[PlyCount "68"]
[EventDate "2013.10.12"]
[EventType "swiss"]
[EventRounds "9"]
[EventCountry "RUF"]
[SourceTitle "EXT 2014"]
[Source "ChessBase"]
[SourceDate "2013.11.20"]
[SourceVersion "1"]
[SourceVersionDate "2013.11.20"]
[SourceQuality "1"]

1. d4 d5 2. Nf3 Nf6 3. c4 e6 4. Nc3 c6 5. Bg5 Be7 6. e3 0-0 7. Bd3 b6 8. 0-0 Bb7 9. Rc1 h6 10. Bh4 Nbd7 11. Ne5 Nxe5 12. dxe5 Nd7 13. Bxe7 Qxe7 14. f4 Nc5 15. Bb1 dxc4 16. Qg4 f5 17. exf6 Rxf6 18. Ne4 Nxe4 19. Bxe4 Qb4 20. Rcd1 Qe7 21. Rd2 Rd8 22. Rfd1 Rxd2 23. Rxd2 c5 24. Qf3 Bxe4 25. Qxe4 b5 26. Qc2 e5 27. Qd1 exf4 28. Rd8+ Kh7 29. Rd7 Qxe3+ 30. Kh1 a6 31. h4 Qe4 32. h5 f3 33. Kh2 Qh4+ 34. Kg1 f2+ 0-1

[Event "FRA-ch U16"]
[Site "Saint Paul Trois Chateaux"]
[Date "2013.04.28"]
[Round "1"]
[White "Poulet, Pierre Emmanuel"]
[Black "Nassau, Pierre Alexandre"]
[Result "1-0"]
[WhiteElo "2149"]
[BlackElo "1749"]
[PlyCount "39"]
[EventDate "2013.04.28"]
[EventType "swiss"]
[EventRounds "9"]
[EventCountry "FRA"]
[SourceTitle "CBM 154 Extra"]
[Source "ChessBase"]
[SourceDate "2013.06.25"]
[SourceVersion "2"]
[SourceVersionDate "2013.06.25"]
[SourceQuality "1"]

1. e4 e5 2. Nf3 Nc6 3. Bb5 Bc5 4. 0-0 d6 5. c3 Bd7 6. d4 exd4 7. cxd4 Bb6 8. Nc3 Nge7 9. Re1 0-0 10. h3 h6 11. Bf4 Ng6 12. Bg3 Ba5 13. Bc4 Rb8 14. a3 a6 15. b4 Bb6 16. Qd3 Re8 17. e5 dxe5 18. Qxg6 Be6 19. Bxe6 Rxe6 20. Qd3 1-0

[Event "Reunion op 13th"]
[Site "St Denis"]
[Date "2011.10.07"]
[Round "8"]
[White "Lebon, Yohan"]
[Black "Nassau, Pierre Alexandre"]
[Result "1-0"]
[WhiteElo "1858"]
[BlackElo "1634"]
[PlyCount "107"]
[EventDate "2011.10.01"]
[EventType "swiss"]
[EventRounds "9"]
[EventCountry "RUF"]
[SourceTitle "EXT 2012"]
[Source "ChessBase"]
[SourceDate "2011.11.24"]
[SourceVersion "1"]
[SourceVersionDate "2011.11.24"]
[SourceQuality "1"]

1. d4 Nf6 2. c4 d6 3. Nc3 g6 4. e4 Bg7 5. f3 0-0 6. Be3 e5 7. Nge2 Nh5 8. g4 Nf4 9. Nxf4 exf4 10. Bxf4 Nc6 11. Be3 Qf6 12. g5 Qd8 13. d5 Bxc3+ 14. bxc3 Ne5 15. f4 Bg4 16. Be2 Nxc4 17. Bd4 Bxe2 18. Qxe2 Nb6 19. 0-0-0 Qd7 20. Qf1 Qa4 21. Qh3 Nc4 22. Qh6 Qa3+ 23. Kc2 Qxa2+ 24. Kd3 Nb2+ 25. Ke3 Nxd1+ 26. Rxd1 f6 27. gxf6 Rf7 28. Rg1 Qc2 29. f5 Re8 30. Qh4 c5 31. dxc6 d5 32. e5 Qxf5 33. cxb7 Rxb7 34. Qf4 Qe6 35. h4 Rf7 36. Kd2 Qh3 37. Qg3 Qf5 38. Qg5 Qe4 39. Re1 Qf3 40. e6 Rb7 41. f7+ Rxf7 42. exf7+ Qxf7 43. Rxe8+ Qxe8 44. Qxd5+ Qf7 45. Qe5 Qa2+ 46. Ke3 Kf8 47. Qb8+ Kf7 48. Qxa7+ Qxa7 49. Bxa7 Ke6 50. Kf4 h6 51. Kg4 Kd5 52. Be3 h5+ 53. Kg5 Kc4 54. Bd4 1-0

[Event "Reunion op 12th"]
[Site "St Denis"]
[Date "2010.10.13"]
[Round "5"]
[White "Nassau, Pierre Alexandre"]
[Black "Zeller, Frederic"]
[Result "0-1"]
[WhiteElo "1616"]
[BlackElo "1610"]
[PlyCount "98"]
[EventDate "2010.10.09"]
[EventType "swiss"]
[EventRounds "9"]
[EventCountry "RUF"]
[SourceTitle "CBM 138 Extra"]
[Source "ChessBase"]
[SourceDate "2010.10.29"]
[SourceVersion "1"]
[SourceVersionDate "2010.10.29"]
[SourceQuality "1"]

1. e4 e6 2. d4 d5 3. exd5 Qxd5 4. Nc3 Bb4 5. Nf3 Ne7 6. Be2 Nd7 7. 0-0 Bxc3 8. bxc3 0-0 9. c4 Qa5 10. Bd2 Qa4 11. a3 c5 12. c3 Qxd1 13. Rfxd1 b6 14. Bf4 Bb7 15. Rab1 Be4 16. Rb2 h6 17. Bd6 Rfe8 18. dxc5 Nxc5 19. Bxc5 bxc5 20. Rb5 Rec8 21. h3 Ng6 22. Ne1 Nf4 23. Bf1 Kf8 24. f3 Bg6 25. Kf2 Ke7 26. g3 Nh5 27. Bg2 Nf6 28. Rd2 Rab8 29. Rdb2 Nd7 30. Ke2 a6 31. Rb7 Kd8 32. f4 Rxb7 33. Rxb7 Rb8 34. Rxb8+ Nxb8 35. Nd3 Bxd3+ 36. Kxd3 Kc7 37. g4 Nd7 38. a4 a5 39. Bf3 Kd6 40. g5 hxg5 41. fxg5 Ne5+ 42. Ke2 Nxf3 43. Kxf3 Ke5 44. Kg4 g6 45. Kf3 Kf5 46. h4 e5 47. Ke3 e4 48. Kf2 Kf4 49. h5 gxh5 0-1

[Event "Reunion op 12th"]
[Site "St Denis"]
[Date "2010.10.09"]
[Round "1"]
[White "Nassau, Pierre Alexandre"]
[Black "Lorans, Maxime"]
[Result "1-0"]
[WhiteElo "1616"]
[BlackElo "1120"]
[PlyCount "75"]
[EventDate "2010.10.09"]
[EventType "swiss"]
[EventRounds "9"]
[EventCountry "RUF"]
[SourceTitle "CBM 138 Extra"]
[Source "ChessBase"]
[SourceDate "2010.10.29"]
[SourceVersion "1"]
[SourceVersionDate "2010.10.29"]
[SourceQuality "1"]

1. e4 c5 2. Nf3 d6 3. Nc3 Nf6 4. Bc4 g6 5. d3 Bg7 6. 0-0 0-0 7. Bf4 Bg4 8. Re1 Nc6 9. h3 Bxf3 10. Qxf3 a6 11. a3 Nh5 12. Bd2 b5 13. Bd5 Nd4 14. Qd1 Rb8 15. Ba2 e6 16. Rb1 Re8 17. Ne2 d5 18. Nxd4 Bxd4 19. c3 Bg7 20. e5 f6 21. g4 fxe5 22. gxh5 Qh4 23. Qg4 Qf6 24. Bg5 Qf7 25. h6 Rf8 26. hxg7 Qxf2+ 27. Kh1 Kxg7 28. Re2 Qf3+ 29. Qxf3 Rxf3 30. Kg2 Rbf8 31. Rd1 R3f5 32. Bh4 g5 33. Bg3 h5 34. Bxe5+ Kg6 35. Bd6 Rd8 36. Bxc5 Rdf8 37. Bxf8 Rxf8 38. Rxe6+ 1-0

[Event "Reunion op 11th"]
[Site "St Denis"]
[Date "2009.10.12"]
[Round "4"]
[White "Hoareau, Noe"]
[Black "Nassau, Pierre Alexandre"]
[Result "0-1"]
[WhiteElo "1050"]
[BlackElo "1450"]
[PlyCount "70"]
[EventDate "2009.10.10"]
[EventType "swiss"]
[EventRounds "9"]
[EventCountry "RUF"]
[SourceTitle "CBM 132 Extra"]
[Source "ChessBase"]
[SourceDate "2009.11.03"]
[SourceVersion "1"]
[SourceVersionDate "2009.11.03"]
[SourceQuality "1"]

1. e4 e5 2. Nf3 Nc6 3. d4 Nxd4 4. Nxd4 exd4 5. Qxd4 Be7 6. Bc4 d5 7. exd5 Nf6 8. Nc3 0-0 9. 0-0 Bb4 10. Bd2 c6 11. a3 Bxc3 12. Bxc3 cxd5 13. Bb3 Be6 14. Bb4 Re8 15. h3 a5 16. Bc5 Qc8 17. Rfe1 Nd7 18. Bxd5 Qxc5 19. Qxc5 Nxc5 20. Bf3 Bf5 21. Rec1 h6 22. b4 axb4 23. axb4 Rxa1 24. Rxa1 Ne6 25. Bxb7 Bxc2 26. Rc1 Rb8 27. Bd5 Bf5 28. Rc4 Kf8 29. Bf3 Ke7 30. Rc6 Rxb4 31. Rc3 Kf6 32. Bc6 Nd4 33. Ba8 Ne2+ 34. Kf1 Nxc3 35. Bc6 Rb1# 0-1